| 000 | 00524nam a2200205Ia 4500 | ||
|---|---|---|---|
| 005 | 20240613093145.0 | ||
| 008 | 131103s9999 xx 000 0 und d | ||
| 040 | _aLoreto College | ||
| 041 | _aEnglish | ||
| 082 |
_a574 _bGRE |
||
| 100 | _aGreen, Ethel | ||
| 245 |
_aBiology by discovery _cEthel Green & Ethel A. Potter |
||
| 260 |
_aLondon _bJ. M. Dent _c1933 |
||
| 300 |
_avii,369p. _b ill. |
||
| 440 | _aDents modern science | ||
| 650 | _aBiology | ||
| 700 | _aPotter, Ethel A. | ||
| 850 | _aLCBED | ||
| 942 | _cBK | ||
| 999 |
_c28602 _d79081 |
||